Denver Nuggets Leading Rebounder per year - Statistics

General Stats
  • This quiz has been taken 36 times
    33 since last reset
  • The average score is 30 of 59
Answer Stats
Year Player % Correct
2024 Nikola Jokić
100%
2023 Nikola Jokić
100%
2022 Nikola Jokić
100%
2021 Nikola Jokić
100%
2020 Nikola Jokić
100%
2019 Nikola Jokić
100%
2018 Nikola Jokić
100%
2017 Nikola Jokić
100%
1996 Dikembe Mutombo
95%
1995 Dikembe Mutombo
95%
1994 Dikembe Mutombo
95%
1993 Dikembe Mutombo
95%
1992 Dikembe Mutombo
95%
1983 Dan Issel
84%
1982 Dan Issel
84%
1981 Dan Issel
84%
1978 Dan Issel
84%
1977 Dan Issel
84%
1976 Dan Issel
84%
2011 Carmelo Anthony
79%
2008 Marcus Camby
58%
2007 Marcus Camby
58%
2006 Marcus Camby
58%
2005 Marcus Camby
58%
2004 Marcus Camby
58%
2011 Nenê
58%
2009 Nenê
58%
2016 Kenneth Faried
53%
2015 Kenneth Faried
53%
2013 Kenneth Faried
53%
2012 Kenneth Faried
53%
2001 Antonio McDyess
47%
2000 Antonio McDyess
47%
1990 Fat Lever
47%
1989 Fat Lever
47%
1987 Fat Lever
47%
2010 Kenyon Martin
42%
1997 Ervin Johnson
37%
1969 Byron Beck
21%
1988 Danny Schayes
21%
1986 Wayne Cooper
16%
1985 Wayne Cooper
16%
1991 Blair Rasmussen
11%
2003 Juwan Howard
11%
2002 Juwan Howard
11%
1975 Mike Green
11%
1970 Spencer Haywood
11%
1984 T.R. Dunn
11%
1983 T.R. Dunn
11%
1998 Dean Garrett
5%
1980 George McGinnis
5%
1979 George McGinnis
5%
2014 J.J. Hickson
5%
1999 Danny Fortson
0%
1974 Julius Keye
0%
1973 Julius Keye
0%
1972 Julius Keye
0%
1971 Julius Keye
0%
1968 Willie Murrell
0%
No matching quizzes found
Score Distribution
Percent of People with Each Score
Percentile by Number Answered
Your Score History
You have not taken this quiz since the last reset